Statistiques concernant XI de la finale de Ligue des Champions 2022/2023

Cliquez ici pour prendre le quiz!

Statistiques générales

  • Ce quiz a été pris 213 fois
  • Le résultat moyen est 19 sur 29

Statistiques - réponses

Réponse% Correct
E. Haaland
99%
Ederson
98%
K. De Bruyne
94%
K. Walker
92%
Rodri
92%
Rúben Dias
92%
B. Silva
90%
L. Martínez
90%
P. Foden
86%
A. Onana
85%
J. Stones
85%
J. Grealish
84%
R. Lukaku
81%
N. Aké
80%
N. Barella
72%
M. Akanji
70%
I. Gündoğan
69%
F. Dimarco
63%
E. Džeko
51%
A. Bastoni
49%
H. Çalhanoğlu
46%
D. Dumfries
44%
F. Acerbi
40%
M. Brozović
38%
H. Mkhitaryan
34%
M. Darmian
29%
R. Gosens
16%
D. D’Ambrosio
5%
R. Bellanova
3%

Distribution des résultats

Percentile par nombre de réponses

% des personnes avec chaque résultat

Votre développement - résultats

Vous n’avez pas pris ce quiz